Carrière d'Olivier Giroud - Statistiques

Statistiques générales
  • Ce quiz a été pris 143 fois
  • Le résultat moyen est 6 sur 9
Statistiques - réponses
Année(s) Club % Correct
2025- Lille
97%
2012-18 Arsenal
94%
2018-21 Chelsea
94%
2021-24 AC Milan
92%
2010-12 Montpellier
87%
2005-08 Grenoble
49%
2024-25 Los Angeles FC
46%
2008-10 Tours
41%
->2007-08 Istres
28%
Aucun quiz correspondant
Distribution des résultats
% des personnes avec chaque résultat
Percentile par nombre de réponses
Votre historique - résultats
Vous n’avez pas pris ce quiz